Дело о службе артиста-флейтиста Карла-Германа Фохт

Доступно только в Электронных читальных залах Найти на картеНа карте
RUSMARC
00003786nmc2a22000003x 450
001dcd9a13e-10c4-4088-91a1-abe3038c918c
00520181227182241.0
100##$a20170703l18481896k l0rusy0189 ca
1010#$arus
102##$aRU
2001#$aДело о службе артиста-флейтиста Карла-Германа Фохт
$j25 августа 1848 г. - 17 декабря 1896 г.
251##$cДело
300##$aПо Санкт-Петербургской дирекции за 1848 год
300##$aНа бланке обложки указано: "Дело Конторы императорских санкт-петербургских театров"
801#0$aRU
$bРГИА
$c20170703
$gRCR
801#1$aRU
$bГлавНИВЦ
$c20170703
$2rusmarc
801#2$aRU
$bПБ им. Б.Н. Ельцина
$c20181227
$gRCR
$2rusmarc
850##$aРГИА
852##$aРГИА
$eФедеральное казенное учреждение "Российский государственный исторический архив" (РГИА)
$j11677
937##$hРГИА
$d12248459
$aASBIBLIO_SCAN
462#0$1001dd3991dc-24e1-42ec-8838-ca4255420416
$12001
$a1746-1850 гг.
$1251
$cОпись
$1852
$j1
461#0$10019264ebf8-de62-4f1a-9eb4-9f22098dbbd5
$12001
$aДирекция императорских театров МИДв
$1251
$cФонд
$1852
$j497
215##$a48 л.
$d36,5х26 см
371##$aДокумент не является опубликованным и широко распространяемым
105##$ay###
1222#$ad
035##$adcd9a13e-10c4-4088-91a1-abe3038c918c
856##$uhttp://readingroom.main.prlib.ru/item.aspx?id_node=n122548046&mode=full
Формат отображения